Topics in environmental economics
Αποθηκεύτηκε σε:
| Άλλοι συγγραφείς: | , , |
|---|---|
| Μορφή: | Βιβλίο |
| Γλώσσα: | English |
| Δημοσίευση: |
Dordrecht :
Kluwer Academic,
1999
|
| Σειρά: | Economy & environment ;
; 17 |
| Θέματα: | |
| Ετικέτες: |
Προσθήκη ετικέτας
Δεν υπάρχουν, Καταχωρήστε ετικέτα πρώτοι!
|
MARC
| LEADER | 00000nam a2200000 i 4500 | ||
|---|---|---|---|
| 001 | 1/97148 | ||
| 008 | 991216s1999 eng d | ||
| 020 | |a 0-7923-5897-X | ||
| 035 | |l 10056026 | ||
| 040 | |a GR-MY-UA |b gre |e aacr | ||
| 041 | 0 | |a eng | |
| 082 | 0 | |a 333.7 | |
| 245 | 1 | 0 | |a Topics in environmental economics / |c Mattias Boman; Runar Brannlund; Bergt Kristrom |
| 260 | |a Dordrecht : |b Kluwer Academic, |c 1999 | ||
| 300 | |a 245 p. | ||
| 490 | 1 | |a Economy & environment |v ; 17 | |
| 504 | |a Includes bibliographical references and index | ||
| 650 | 0 | 0 | |a Environmental economics. |
| 650 | 0 | 0 | |a Environmental policy. |
| 650 | 0 | 0 | |a National income. |
| 650 | 0 | 0 | |a Contingent valuation. |
| 700 | 1 | |a Boman, Mattias. |4 edt | |
| 700 | 1 | |a Brannlund, R. |q (Runar) |4 edt | |
| 700 | 1 | |a Kristrom, Bengt. |4 edt | |
| 830 | 0 | |a Economy & environment ; |v ; 17 | |
| 852 | |a INST |b LESVOS |e 19991216 |h 333.7 TOP |p 005100022574 |q 005100022574 |t BK |y 0 | ||
| 901 | |a BIBL1-2000-1 | ||
| 909 | |a Λ |b 071175 | ||
| 922 | |a 1ΕΛΗ |b 199908 |c ΚΠΣ/ΠΜΣ |d ΠΑΠΑΣΩΤΗΡΙΟΥ | ||
| 950 | |a 157-1999-09-29 | ||
| 970 | |a ΚΑΜΑΤΣΟΥ |b ΔΕΣΠΟΙΝΑ |z 2000/01/20 | ||